Introduction to general, organic, and biochemistry / (Record no. 15236)
[ view plain ]
| 000 -LEADER | |
|---|---|
| fixed length control field | 01119cam a2200349 a 4500 |
| 001 - CONTROL NUMBER | |
| control field | 14143420 |
| 003 - CONTROL NUMBER IDENTIFIER | |
| control field | OSt |
| 005 - DATE AND TIME OF LATEST TRANSACTION | |
| control field | 20140310182709.0 |
| 008 - FIXED-LENGTH DATA ELEMENTS--GENERAL INFORMATION | |
| fixed length control field | 051014s2007 caua 001 0 eng |
| 010 ## - LIBRARY OF CONGRESS CONTROL NUMBER | |
| LC control number | 2005935780 |
| 020 ## - INTERNATIONAL STANDARD BOOK NUMBER | |
| International Standard Book Number | 9789814221757 |
| 040 ## - CATALOGING SOURCE | |
| Original cataloging agency | DLC |
| Transcribing agency | DLC |
| Modifying agency | DLC |
| 050 00 - LIBRARY OF CONGRESS CALL NUMBER | |
| Classification number | QD31.3 |
| Item number | .B565 2007 |
| 082 ## - DEWEY DECIMAL CLASSIFICATION NUMBER | |
| Classification number | M 540 |
| Item number | In8 2007 |
| 245 00 - TITLE STATEMENT | |
| Title | Introduction to general, organic, and biochemistry / |
| Statement of responsibility, etc | Bettelheim, Frederick A. |
| 246 30 - VARYING FORM OF TITLE | |
| Title proper/short title | General, organic, and biochemistry. |
| 250 ## - EDITION STATEMENT | |
| Edition statement | 8th ed. |
| 260 ## - PUBLICATION, DISTRIBUTION, ETC. (IMPRINT) | |
| Place of publication, distribution, etc | Belmont, CA : |
| Name of publisher, distributor, etc | Thomson Brooks/Cole, |
| Date of publication, distribution, etc | c2007. |
| 300 ## - PHYSICAL DESCRIPTION | |
| Extent | xxv, 804, 58, 10, 2, 24 p. : |
| Other physical details | ill. (some col.) ; |
| Dimensions | 29 cm. |
| 500 ## - GENERAL NOTE | |
| General note | Includes index. |
| 521 ## - TARGET AUDIENCE NOTE | |
| Target audience note | |
| 526 ## - STUDY PROGRAM INFORMATION NOTE | |
| Reading level | 1210L to 1700L |
| 541 ## - IMMEDIATE SOURCE OF ACQUISITION NOTE | |
| -- | 1 |
| 541 ## - IMMEDIATE SOURCE OF ACQUISITION NOTE | |
| -- | 2 |
| 541 ## - IMMEDIATE SOURCE OF ACQUISITION NOTE | |
| -- | 7 |
| 562 ## - COPY AND VERSION IDENTIFICATION NOTE | |
| Number of copies | 7 |
| 650 #0 - SUBJECT ADDED ENTRY--TOPICAL TERM | |
| Topical term or geographic name as entry element | Chemistry |
| Form subdivision | Textbooks. |
| 700 1# - ADDED ENTRY--PERSONAL NAME | |
| Personal name | Bettelheim, Frederick A., |
| Dates associated with a name | 1923- |
| 906 ## - LOCAL DATA ELEMENT F, LDF (RLIN) | |
| a | 7 |
| b | cbc |
| c | origcop |
| d | 3 |
| e | epcn |
| f | 20 |
| g | y-gencatlg |
| 942 ## - ADDED ENTRY ELEMENTS (KOHA) | |
| Source of classification or shelving scheme | Library of Congress Classification |
| Koha item type | Books |
| Call number prefix | |
| Withdrawn status | Lost status | Source of classification or shelving scheme | Damaged status | Home library | Current library | Shelving location | Date acquired | Source of acquisition | Total Checkouts | Total Renewals | Full call number | Barcode | Date last seen | Date checked out | Copy number | Price effective from | Koha item type |
|---|---|---|---|---|---|---|---|---|---|---|---|---|---|---|---|---|---|
| Library of Congress Classification | Archives | Archives | 04/20/2012 | Donation | 3 | 4 | QD 31.3 .B565 2007 | C8208 | 05/15/2018 | 11/09/2015 | 1 | 04/20/2012 | Books | ||||
| Library of Congress Classification | Archives | Archives | 02/22/2013 | Donation | 2 | 20 | QD 31.3 .B565 2007 | C9692 | 05/15/2018 | 08/08/2014 | 2 | 02/22/2013 | Books | ||||
| Library of Congress Classification | Archives | Archives | Audio Visual Material Section | 05/21/2013 | Donation | 3 | 3 | QD 31.3 .B565 2007 | C9683 | 05/15/2018 | 01/21/2015 | 4 | 05/21/2013 | Books | |||
| Library of Congress Classification | Archives | Archives | 05/21/2013 | Donation | 3 | 12 | QD 31.3 .B565 2007 | C9691 | 05/15/2018 | 11/10/2015 | 5 | 05/21/2013 | Books | ||||
| Library of Congress Classification | Archives | Archives | 05/21/2013 | Donation | 3 | 2 | QD 31.3 .B565 2007 | C9686 | 05/15/2018 | 06/19/2015 | 6 | 05/21/2013 | Books | ||||
| Library of Congress Classification | College Library | College Library | General Circulation Section | 05/21/2013 | 6 | 10 | QD 31.3 .B565 2007 | c9684 | 11/14/2022 | 11/07/2022 | 3 | 05/21/2013 | Books | ||||
| Library of Congress Classification | College Library | College Library | General Circulation Section | 06/04/2013 | 3 | 9 | QD 31.3 .B565 2007 | C9685 | 11/09/2022 | 11/07/2022 | 7 | 06/04/2013 | Books |